Spiritual disciplines for the christian life/ (Record no. 19502)

MARC details
000 -LEADER
fixed length control field 00477nam a22001577a 4500
008 - FIXED-LENGTH DATA ELEMENTS--GENERAL INFORMATION
fixed length control field 220920b |||||||| |||| 00| 0 eng d
020 ## - INTERNATIONAL STANDARD BOOK NUMBER
International Standard Book Number 1615216178
050 ## - LIBRARY OF CONGRESS CALL NUMBER
Classification number BV4501.3
Item number .W45 2014 C.1
100 ## - MAIN ENTRY--PERSONAL NAME
Personal name Whitney, Donald S.
245 ## - TITLE STATEMENT
Title Spiritual disciplines for the christian life/
Statement of responsibility, etc. Donald S. Whitney
260 ## - PUBLICATION, DISTRIBUTION, ETC. (IMPRINT)
Name of publisher, distributor, etc. Navapress
Date of publication, distribution, etc. 2014
300 ## - PHYSICAL DESCRIPTION
Extent x. 341p.
650 ## - SUBJECT ADDED ENTRY--TOPICAL TERM
Topical term or geographic name as entry element Spiritual life
Form subdivision Christianity
650 ## - SUBJECT ADDED ENTRY--TOPICAL TERM
Topical term or geographic name as entry element Discipline
Form subdivision Religious aspects
General subdivision Christianity
942 ## - ADDED ENTRY ELEMENTS (KOHA)
Source of classification or shelving scheme Library of Congress Classification
Koha item type General Collection
Holdings
Withdrawn status Lost status Source of classification or shelving scheme Not for loan Home library Current library Date acquired Cost, normal purchase price Inventory number Total Checkouts Full call number Barcode Date last seen Copy number Price effective from Koha item type Date last checked out Shelving location Source of acquisition
    Library of Congress Classification   Kabarak, Main Campus Kabarak, Main Campus 20/09/2022 3280.00 2053/2022   BV4501.3 .W45 2014 C.1 032681 20/09/2022 C.1 20/09/2022 General Collection      
    Library of Congress Classification   Kabarak, Main Campus Kabarak, Main Campus 22/09/2022 3280.00 2074/2022 3 BV4501.3 .W45 2014 C.2 032724 13/08/2024 C.2 22/09/2022 General Collection 25/07/2024    
    Library of Congress Classification   Kabarak, Main Campus Kabarak, Main Campus 22/09/2022   2025/3277   BV4501.3 .W45 2014 C.3 38997 04/03/2026 C.3 22/09/2022 General Collection   General Stacks Donation
Designed with assistance from East African Informatics Ltd